ExamWise for CIW foundations exam 1D0-410 (Record no. 53717)
[ view plain ]
| 000 -LEADER | |
|---|---|
| fixed length control field | 01645nam a2200373Ia 4500 |
| 100 1# - MAIN ENTRY--AUTHOR NAME | |
| Personal name | Bayer, Chad M. |
| 245 10 - TITLE STATEMENT | |
| Title | ExamWise for CIW foundations exam 1D0-410 |
| 260 ## - PUBLICATION, DISTRIBUTION, ETC. (IMPRINT) | |
| Place of publication | Friendswood, Tex. : |
| Name of publisher | TotalRecall Publications, Inc., |
| Year of publication | c2003. |
| 300 ## - PHYSICAL DESCRIPTION | |
| Number of Pages | 435 p. |
| 490 0# - SERIES STATEMENT | |
| Series statement | TotalRecall: the IT question book series |
| 500 ## - GENERAL NOTE | |
| General note | Study guide for CIW 1D0-410: Internet fundamentals, networking fundamentals, and Web page authoring exam. |
| 650 #0 - SUBJECT ADDED ENTRY--TOPICAL TERM | |
| Topical Term | Internet |
| Topical Term | Computer networks |
| Topical Term | Web sites |
| Topical Term | Electronic data processing personnel |
| Topical Term | Microsoft software |
| 856 40 - ELECTRONIC LOCATION AND ACCESS | |
| Uniform Resource Identifier | http://site.ebrary.com/lib/rucke/Doc?id=10077743 |
No items available.
